000 00432nam a2200181Ia 4500
003 OSt
005 20240210123246.0
008 210210b1921 xxu||||| |||| 00| 0 eng d
040 _cAL
041 _aeng
082 _a823/354
100 _aSHAKESPEARE (William)
_9150370
245 _aRichard II
260 _aCambridge
_bAt the University Press
_c1921
690 _aEnglish Drama
_9150373
906 _a013898
942 _2ddc
_cBK
999 _c132967
_d132967